Zákon delí, prax spája

Podrobná bibliografia
Hlavní autori: Michelčík, Mikuláš, 1942- (Autor), Hoholíková, Tatiana, 1953- (Autor)
Médium: Článok
Jazyk:slovenčina
Fyzický popis:Fotogr. 1
Predmet:

MARC

LEADER 00000nab a2200000 a 4500
001 vtls000555226
003 SK-MaSNL
005 20260303163927.0
008 150501c1995 xo 0 slo
015 |a SNBRB19rr/mm-uuuuu 
035 |a CL0555364 
040 |a SNKBUCL  |b slo  |c SNKBUCL  |e AACR2 
041 0 |a slo 
044 |a xo  |c SK 
080 |a 502.4(437.6):502.34(437.6):349.6  |2 1981 
080 |a 502.34(437.6)  |2 1981 
080 |a 349.6  |2 1981 
100 1 |a Michelčík, Mikuláš,  |d 1942-  |4 aut  |9 118914 
245 1 0 |a Zákon delí, prax spája  |c Mikuláš Michelčík, Tatiana Hoholíková 
300 |b Fotogr. 1 
650 0 7 |a príroda  |2 snkbucl  |9 3813 
650 0 7 |a Zákon NR SR o ochrane prírody a krajiny  |2 snkbucl  |9 990816 
651 7 |a Tatranský národný park (Slovensko)  |2 snkbucl  |9 106968 
655 7 |a články z novín a časopisov  |2 snkbucl  |9 267496 
700 1 |a Hoholíková, Tatiana,  |d 1953-  |4 aut  |9 107834 
773 0 |t Tatry  |g Roč. 34, č. 4 (1995), s. 3 
850 |a Slovenská národná knižnica v Martine  |a MTA001 
852 |a SNK  |b KIS3GCP 
958 |a RK 
958 |a SK 
992 |a RBX 
999 |c 2062236  |d 2064166